| 000 | 00802nam a22002657i 4500 | ||
|---|---|---|---|
| 999 |
_c8035 _d8035 |
||
| 003 | URS | ||
| 005 | 20220114153028.0 | ||
| 008 | 160524b xxu||||| |||| 00| 0 eng d | ||
| 020 | _a9789710445561 | ||
| 040 |
_erda _cURSP-College Library _beng |
||
| 050 |
_bC16p 2010 _aKPM 3411 |
||
| 082 |
_a345.599052 _bC16p 2010 |
||
| 100 | 1 | _aCano, Gerry J. | |
| 245 | _aPhilippine Criminal Justine System | ||
| 264 | 1 |
_aManila: _bMIndshapers Company,Inc. _c2010. |
|
| 300 |
_avi, 185 pages, _c25cm |
||
| 336 |
_atext _btxt _2rdacontent |
||
| 337 |
_aunmediated _bn _2rdamedia |
||
| 338 |
_avolume _bnc _2rdacarrier |
||
| 504 | _aIncludes bibliography | ||
| 650 | 0 |
_aLaw enforcement _zPhilippines |
|
| 650 | 0 |
_aCriminal Justice, Administration of _zPhilippines |
|
| 700 | 1 | _aAmante, Diosdado A. | |
| 942 |
_2lcc _cF |
||